000 00796cam a22002413a 4500
001 2945
003 PGUSA
005 20140828083023.0
008 011201s2001||||xxu|||||s|||||000 e eng d
040 _aPGUSA
_beng
042 _adc
050 4 _aPS
100 1 _aEmerson, Ralph Waldo,
_d1803-1882
245 1 0 _aEssays — Second Series
_h[electronic resource] /
_cRalph Waldo Emerson
260 _bProject Gutenberg,
_c2001
505 0 _aThe poet -- Experience -- Character -- Manners -- Gifts -- Nature -- Politics -- Nominalist and realist -- New England reformers.
506 _aPublic domain in the USA.
516 _aElectronic text
653 _aAmerican essays -- 19th century
830 0 _aProject Gutenberg
_v2945
856 4 0 _uhttp://www.gutenberg.org/ebooks/2945
942 _cEB
999 _c232275
_d232275